| 000 | 00964nam a2200289 i 4500 | ||
|---|---|---|---|
| 001 | 016124660 | ||
| 003 | OSt | ||
| 005 | 20140130094429.0 | ||
| 008 | 120713s2012 xxua frb 001 0 eng d | ||
| 020 | _a9780133056693 (paperback) | ||
| 020 | _a0133056694 (paperback) | ||
| 040 |
_aUk _beng _cUk _erda |
||
| 082 | 0 | 4 |
_a174.9004 _222 _bQUI |
| 100 | 1 |
_aQuinn, Michael J. _q(Michael Jay) _934983 |
|
| 245 | 1 | 0 |
_aEthics for the information age / _cMichael J. Quinn. |
| 250 |
_a5th ed., _binternational ed. |
||
| 260 |
_aBoston, United States : _bPearson Prentice Hall, _cc.2012. |
||
| 300 |
_axxiv, 523 p. : _bill. ; _c24 cm. |
||
| 500 | _aIndex : p. 495-523. | ||
| 500 | _aIncludes appendix. | ||
| 504 | _aIncludes bibliographical references. | ||
| 650 | 0 |
_aElectronic data processing _xMoral and ethical aspects _934984 |
|
| 650 | 0 |
_aComputers and civilization _934985 |
|
| 653 |
_bCS _cJanuary2014 |
||
| 655 |
_vreading book _934232 |
||
| 942 |
_2ddc _k174.9004 QUI |
||
| 999 |
_c17993 _d17965 |
||